000 00474nam a2200169 a 4500
001 2572
005 20180713182539.0
008 140415s1977 000 0 spa d
041 _aspa
082 _a300.018
_bPAR
100 1 _aPARDINAS, FELIPE
245 1 0 _aMETODOLOGIA Y TECNICAS DE INVESTIGACION :
_bEN CIENCIAS SOCIALES
250 _a5a ed.
260 _a[s.l.] :
_bSIGLO VEINTIUNO EDITORES,
_c1977
300 _a188
650 1 4 _aINVESTIGACION SOCIAL
999 _c2572
_d2572